000 00604nam a22002057a 4500
999 _c4801
_d4801
003 AR-CdUCM
008 190311b ||||| |||| 00| 0 spa d
040 _aMUNICIPALIDAD PROVINCIAL DEL CUSCO
_cBIBLIOTECA MUNICIPAL DEL CUSCO
082 _a923.44 /
_bB27
100 _aBataille, Georges
_914816
245 _aEl verdadero Barba-azul /
260 _aBarcelona :
_bTusquets,
_c1972
300 _a130 páginas ;
_c17 cm.
650 _aNovela
_95
650 _aLiteratura
_983
650 _aGiles de Rais
_914817
700 _aPrologo : Mario Vargas Llosa.
_914818
942 _2ddc
_cLIBROS
945 _admma